| 000 | 00914nas a2200301 4500 | ||
|---|---|---|---|
| 001 | BR0102733 | ||
| 003 | BR-BrBNA | ||
| 005 | 20231205102259.0 | ||
| 007 | ta | ||
| 008 | 230509b bl.|||p| |||| 00| 00por d | ||
| 040 |
_aBR-BrBNA _bpor _cBiblioteca Nacional de Agricultura |
||
| 041 | _a(Pt) | ||
| 072 | _aF60; F06 | ||
| 100 | 1 | _aFernandes, A.L.T. | |
| 100 | 1 | _aSantinato, R. | |
| 100 | 1 | _aLessi, R. | |
| 100 | 1 | _aYamada, A. | |
| 100 | 1 | _aSilva, V.A. | |
| 245 | 1 | _aDeficiencia hidrica e uso de granulados em lavoura cafeeira irrigada por gotejamento | |
| 650 | _aCafe | ||
| 650 | _aDeficiencia Hidrica | ||
| 650 | _aIrrigacao por Gotejamento | ||
| 650 | _aGranulo | ||
| 650 | _aSolo | ||
| 773 | 0 |
_tRevista Brasileira de Engenharia Agricola e Ambiental (Brazil) _xISSN 1415-4366 _g(Sep-Dec 2000), v. 4(3) p. 376-381 _wBR0102733 |
|
| 909 |
_a202311 _bLúcia _c55 _dLúcia Elande |
||
| 942 |
_2AGRIS _n0 _cANA |
||
| 999 |
_c166749 _d166749 |
||